000 01532cam a22003497a 4500
001 3197
003 FISKH
005 20250113142359.0
008 080804s2008 nyuab j 001 0 eng d
010 _a 2008276035
_z 2008276435
020 _a9780756637712 (hardcover)
020 _a0756637716 (lib. bdg.)
020 _a9780756641948
035 _a(OCoLC)ocn233576408
040 _aIMF
_cIMF
_dBTCTA
_dBAKER
_dYDXCP
_dDLC
_beng
042 _alccopycat
050 0 0 _aQC981.8.C5
_bW663 2008
082 0 0 _a551.6
_222
100 1 _aWoodward, John,
_d1954-
245 1 0 _aEyewitness climate change /
_cwritten by John Woodward.
246 3 0 _aClimate change
260 _aNew York :
_bDK,
_c2008.
300 _a72 pages :
_bcolor map ; color illustrations ;
_c28 cm
_e1 CD-ROM (4 3/4 in.) + 1 wall chart poster.
490 0 _aDK eyewitness books
500 _aIncludes index.
520 _a"Eyewitness Climate Change explains why human activities are making the planet heat up--and how we know for sure that this is the case. The book explores the effects of the changing climate, from more frequent hurricanes and wildfires to melting ice caps and rising sea levels. It shows how scientists predict how the climate will change in the future and what actions we can all take to combat climate change"--Provided by publisher.
650 0 _aClimatic changes
_vJuvenile literature.
650 1 _aClimatic changes.
650 1 _aPollution prevention.
906 _a7
_bcbc
_ccopycat
_d2
_encip
_f20
_gy-gencatlg
942 _2ddc
_cBK
_n0
999 _c3197
_d3197